Monarchs of Portugal - Statistics

General Stats
  • This quiz has been taken 130 times
  • The average score is 27 of 36
Answer Stats
Hint Answer % Correct
A 1385-1433 I John
95%
A 1477-1477, 1481-1495 II John
95%
A 1521-1557 III John
95%
B 1640-1656 IV John
95%
B 1706-1750 V John
95%
B 1816-1826 VI John
95%
H 1581-1598 I Philip
85%
H 1598-1621 II Philip
85%
H 1621-1640 III Philip
85%
BG 1139-1185 I Alphonso
83%
BG 1211-1223 II Alphonso
83%
BG 1248-1279 III Alphonso
83%
BG 1325-1357 IV Alphonso
83%
A 1438-1477, 1477-1481 V Alphonso
83%
B 1656-1683 VI Alphonso
83%
B 1889-1908 I Charles
80%
A 1578-1580 Henry
73%
BG 1357-1367 I Peter
71%
B 1683-1706 II Peter
71%
B 1777-1786 III Peter
71%
B 1826-1826 IV Peter
71%
B 1853-1861 V Peter
71%
A 1495-1521 I Emmanuel
70%
B 1908-1910 II Emmanuel
70%
B 1777-1816 I Mary
70%
B 1826-1828, 1834-1853 II Mary
70%
BG 1367-1383 I Ferdinand
67%
S 1837-1853 II Ferdinand
67%
B 1861-1889 I Louis
64%
BG 1185-1211 I Sancho
58%
BG 1223-1247 II Sancho
58%
A 1557-1578 Sebastian
57%
B 1828-1834 I Michael
54%
B 1750-1777 I Joseph
51%
BG 1279-1325 I Denis
48%
A 1433-1438 Edward
48%
No matching quizzes found
Score Distribution
Percent of People with Each Score
Percentile by Number Answered
Your Score History
You have not taken this quiz